Šanghajská organizácia pre spoluprácu dvíha hlavu

Druhý septembrový piatok prebehol v Dušanbe, metropole Tadžikistanu, samit organizácie, na ktorú sa Rusko veľmi spolieha. Má šesť členov a medzi nimi jedného závažného - Čínu. Od budúceho leta pribudene nemenej dôležitý - India. Šanghajská organizácia pre spoluprácu tak pokryje prevažnú časť eurázij...

ver descrição completa

Na minha lista:
Detalhes bibliográficos
Autor principal: Pressburg, Adrian Peter
Formato: Capítulo de Livro
Idioma:eslovaco
Assuntos:
Tags: Adicionar Tag
Sem tags, seja o primeiro a adicionar uma tag!

MARC

LEADER 00000naa a2200000 4500
001 0192438
005 20231113101656.0
041 0 |a slo 
044 |a SK 
245 1 0 |a Šanghajská organizácia pre spoluprácu dvíha hlavu  |c Adrian Peter Pressburg 
520 |a Druhý septembrový piatok prebehol v Dušanbe, metropole Tadžikistanu, samit organizácie, na ktorú sa Rusko veľmi spolieha. Má šesť členov a medzi nimi jedného závažného - Čínu. Od budúceho leta pribudene nemenej dôležitý - India. Šanghajská organizácia pre spoluprácu tak pokryje prevažnú časť eurázijskej pevniny a bude môcť vytvoriť s multikontinentálnym združením BRICS určitú protiváhu Západu. 
610 2 0 |a spolupráca hospodárska medzinárodná 
610 2 0 |a politika medzinárodná 
610 2 0 |a vzťahy medzinárodné 
610 2 0 |a združenia hospodárske medzinárodné 
610 2 0 |a organizácie medzinárodné 
610 2 0 |a regióny 
610 2 0 |a Rusko 
610 2 0 |a Čína 
610 2 0 |a Kazachstan 
610 2 0 |a Tadžikistan 
610 2 0 |a Uzbekistan 
610 2 0 |a Kirgizsko 
100 1 |a Pressburg, Adrian Peter